00913 2200325 4500001002100000005001500021035002000036007000300056008004100059020001800100082000800118084001800126084001800144084001800162084001800180084001800198084001800216100002600234245006400260250001800324260004000342300003000382500009700412990001300509990001300522990001300535990001300548990001300561990001300574INLIS00000000000928120230622060749 a0010-0623000075ta230622 e 0 ind  a9786021236543 a297 a297 HAS m C.1 a297 HAS m C.2 a297 HAS m C.3 a297 HAS m C.4 a297 HAS m C.5 a297 HAS m C.60 aHasyim Abdullah Safaa1 aMengenal Islam dari Sumber Aslinya /cHasyim Abdullah Safaa acetakan kedua aYogyakarta :bVoive Of Jogja,c2020 a321 hlm. ;c15 x 22.5 cm. adengan mengucapkan alhamdulillah dan shalawat untuk Rasulullah shalallahu 'alaihi wa sallam, a023.2330 a023.2325 a023.2326 a023.2327 a023.2328 a023.2329